<?xml version="1.0" encoding="UTF-8"?><?xml-stylesheet type="text/xsl" href="static/style.xsl"?><OAI-PMH xmlns="http://www.openarchives.org/OAI/2.0/" xmlns:xsi="http://www.w3.org/2001/XMLSchema-instance" xsi:schemaLocation="http://www.openarchives.org/OAI/2.0/ http://www.openarchives.org/OAI/2.0/OAI-PMH.xsd"><responseDate>2026-04-27T21:40:47Z</responseDate><request verb="GetRecord" identifier="oai:uvadoc.uva.es:10324/54572" metadataPrefix="marc">https://uvadoc.uva.es/oai/request</request><GetRecord><record><header><identifier>oai:uvadoc.uva.es:10324/54572</identifier><datestamp>2022-08-25T19:01:48Z</datestamp><setSpec>com_10324_38</setSpec><setSpec>col_10324_852</setSpec></header><metadata><record xmlns="http://www.loc.gov/MARC21/slim" xmlns:doc="http://www.lyncode.com/xoai" xmlns:xsi="http://www.w3.org/2001/XMLSchema-instance" xmlns:dcterms="http://purl.org/dc/terms/" xsi:schemaLocation="http://www.loc.gov/MARC21/slim http://www.loc.gov/standards/marcxml/schema/MARC21slim.xsd">
<leader>00925njm 22002777a 4500</leader>
<datafield tag="042" ind1=" " ind2=" ">
<subfield code="a">dc</subfield>
</datafield>
<datafield tag="720" ind1=" " ind2=" ">
<subfield code="a">Hebrero de la Hoz, Lara</subfield>
<subfield code="e">author</subfield>
</datafield>
<datafield tag="260" ind1=" " ind2=" ">
<subfield code="c">2022</subfield>
</datafield>
<datafield tag="520" ind1=" " ind2=" ">
<subfield code="a">El mundo está inmerso en un proceso de digitalización y el sector financiero &#xd;
está sufriendo grandes transformaciones a consecuencia de ello. Desde que el sector &#xd;
financiero empezó a ofrecer servicios online, la demanda no ha parado de aumentar. &#xd;
Los usuarios quieren satisfacer todas sus necesidades con un simple click. Este es el &#xd;
hecho principal que ha estado provocando la transformación de la banca tradicional &#xd;
hacia la banca online y que ha fomentado la aparición de nuevas empresas, entre las &#xd;
que se encuentran todas las compañías integradas en el sector Fintech.&#xd;
Este proyecto trata de explicar cómo ha evolucionado la banca a lo largo de &#xd;
los años, como han influido las nuevas tecnologías, la digitalización y los avances en &#xd;
las comunicaciones a desarrollar el ámbito de la banca online y destacar la importancia &#xd;
del sector Fintech en España.&#xd;
Para profundizar en estas cuestiones, se analiza en concreto la Fintech “Carlo App”, &#xd;
que ha llegado a España y está empezando a penetrar en el mercado vallisoletano.</subfield>
</datafield>
<datafield tag="024" ind2=" " ind1="8">
<subfield code="a">https://uvadoc.uva.es/handle/10324/54572</subfield>
</datafield>
<datafield ind1=" " ind2=" " tag="653">
<subfield code="a">Finanzas-Innovaciones tecnológicas</subfield>
</datafield>
<datafield ind1=" " ind2=" " tag="653">
<subfield code="a">Bancos-Innovaciones tencológicas</subfield>
</datafield>
<datafield tag="245" ind1="0" ind2="0">
<subfield code="a">Fintech, el futuro de la banca: caso Carlo App</subfield>
</datafield>
</record></metadata></record></GetRecord></OAI-PMH>